Statistics for Top 100 movies of all time

Click here to take the quiz!

General Stats

  • This quiz has been taken 61 times
  • The average score is 8 of 100

Answer Stats

OrderAnswer% Correct
16The Godfather
74%
6Casablanca
55%
99M
53%
3Citizen Kane
48%
71Psycho
31%
13The Wizard of Oz
26%
94Schindler's List
24%
84The Godfather II
22%
79The Maltese Falcon
21%
93North by Northwest
19%
4Parasite
19%
100Jaws
17%
90Seven Samurai
17%
49On the Waterfront
16%
43Singin in the Rain
16%
70Alien
12%
61King Kong
12%
28Modern Times
12%
19All about Eve
10%
2Black Panther
10%
98Metropolis
10%
56The kid
10%
9Toy Story 4
10%
5Avengers EndGame
9%
24Inside Out
9%
68La La Land
9%
20Moonlight
9%
81Sunset Boulevard
9%
40The Third Man
9%
6212 years a Slave
7%
66Argo
7%
33Coco
7%
72Incredibles 2
7%
21Rebecca
7%
8Us
7%
771917
5%
15Get Out
5%
45Logan
5%
17Mad Max Fury Road
5%
39Spotlight
5%
36The shape of Water
5%
85A hard Day's Night
3%
44An American in Paris
3%
42Arrival
3%
48Double Indemnity
3%
78Gravity
3%
64Once Upon a Time In Hollywood
3%
59Paddington 2
3%
30Roma
3%
69Spider Man Far from Home
3%
88Spider Man Homecoming
3%
18Spider Man into the Spider Verse
3%
22Wonder Woman
3%
75Zootopia
3%
47All Quiet on the Western Front
2%
32A Night at the Opera
2%
25A Quiet Place
2%
23A star is Born
2%
89Baby Driver
2%
12BlacKkKlansman
2%
29Booksmart
2%
57Boyhood
2%
74Call me by your name
2%
31Dunkrik
2%
27Eight Grade
2%
7Knives Out
2%
10Lady Bird
2%
73Laura
2%
65Leave No Trace
2%
63Manchester by the Sea
2%
50Marriage Story
2%
11Mission Impossible Fallout
2%
67Nosferatu a symphony of horror
2%
38Selma
2%
52Snow White and the Seven Dwarfs
2%
55Star Wars Episode VII
2%
54Star Wars the Last Jedi
2%
60The Adventures of Robin Hood
2%
87The Battle of Algiers
2%
53The Big Sick
2%
26The Cabinet of Dr. Caligari
2%
35The Farewell
2%
46The Favourite
2%
80The Florida Project
2%
14The Irishman
2%
83Widows
2%
1It happened in one night
0%
41La Grande Illuison
0%
92Never Rarely Sometimes Always
0%
95Pain and Glory
0%
34Portrait of the Lady on Fire
0%
76Shadow of Doubt
0%
97Shoplifers
0%
51The Extra Terrestrial
0%
86The Invisible Man
0%
96The Philadelphia Story
0%
58The years of our Lives
0%
37Thor Ragnorak
0%
91Top Hat
0%
82War of the Planet of Apes
0%

Score Distribution

Percentile by Number Answered

Percent of People with Each Score

Your Score History

You have not taken this quiz